000 00929nam a2200289 i 4500
001 bg
003 BPK
005 20200518094024.0
008 980702s1996 pl a |000 0 pol
015 _aPB 1996/12382
020 _a830112105X
040 _aWA N
_cBPK
080 _a613.86
080 _a159.9
080 _a616.891
100 1 _aDąbrowski, Kazimierz
_d(1902-1980)
_eAutor
245 1 0 _aW poszukiwaniu zdrowia psychicznego /
_cKazimierz Dąbrowski.
250 _a[Wyd. 2].
260 _aWarszawa :
_bWydaw. Naukowe PWN,
_c1996.
300 _aXVII, [3] 178, [2] s. :
_b1 portr. ;
_c21 cm.
504 _aBibliogr. prac. K. Dąbrowskiego s. 169-175.
650 4 _aNerwice.
650 4 _aHigiena psychiczna
710 2 _aWydawnictwo Naukowe PWN
_4pbl.
856 _uhttp://koha.tu.koszalin.pl/cgi-bin/koha/opac-detail.pl?biblionumber=34276
_yKatalog online BPK
942 _2UKD
_cKS
999 _c34276
_d34276